书目信息 |
| 题名: |
唐诗宋词元曲
|
|
| 作者: | 李楠 主编 | |
| 分册: | 壹 | |
| 出版信息: | 沈阳 辽海出版社 2019.03 |
|
| 页数: | 226页 | |
| 开本: | 25cm | |
| 丛书名: | 国学经典 | |
| 单 册: | ||
| 中图分类: | I222.742 , I222.844 | |
| 科图分类: | ||
| 主题词: | 唐诗--tang shi--诗集 , 宋词--song ci--作品集 , 元曲--yuan qu--作品集 | |
| 电子资源: | ||
| ISBN: | 978-7-5451-5251-7 | |
| 000 | 01104nam 2200301 450 | |
| 001 | CAL 0120141439631 | |
| 005 | 20230301145528.88 | |
| 010 | @a978-7-5451-5251-7@b精装@dCNY260.00 | |
| 100 | @a20200514d2019 em y0chiy0120 ea | |
| 101 | 0 | @achi |
| 102 | @aCN@b210000 | |
| 105 | @ay z 000gy | |
| 106 | @ar | |
| 200 | 1 | @a唐诗宋词元曲@Atang shi song ci yuan qu@h壹@e鼎立于中国文学史上的三座高峰@f李楠主编 |
| 210 | @a沈阳@c辽海出版社@d2019.03 | |
| 215 | @a226页@d25cm | |
| 225 | 2 | @a国学经典@Aguo xue jing dian |
| 330 | @a本书内容包括: 感遇十二首 ; 望月怀远 ; 下终南山过斛斯山人宿置酒 ; 春思 ; 佳人 ; 梦李白二首 ; 送别 ; 青溪 ; 渭川田家 ; 秋登兰山寄张五 ; 夏日南亭怀辛大 ; 春泛若耶溪等。 | |
| 410 | 0 | @12001 @a国学经典 |
| 517 | 1 | @a鼎立于中国文学史上的三座高峰@Ading li yu zhong guo wen xue shi shang de san zuo gao feng |
| 606 | 0 | @a唐诗@Atang shi@x诗集 |
| 606 | 0 | @a宋词@Asong ci@x作品集 |
| 606 | 0 | @a元曲@Ayuan qu@x作品集 |
| 690 | @aI222.742@v5 | |
| 690 | @aI222.844@v5 | |
| 701 | 0 | @a李楠@Ali nan@4主编 |
| 801 | 0 | @aCN@bBJXHZP@c20230228 |
| 905 | @b1396062-3@dI222.742@e841:1@f2 | |
| 唐诗宋词元曲.壹:鼎立于中国文学史上的三座高峰/李楠主编.-沈阳:辽海出版社,2019.03 |
| 226页;25cm.-(国学经典) |
| ISBN 978-7-5451-5251-7(精装):CNY260.00 |
| 本书内容包括: 感遇十二首 ; 望月怀远 ; 下终南山过斛斯山人宿置酒 ; 春思 ; 佳人 ; 梦李白二首 ; 送别 ; 青溪 ; 渭川田家 ; 秋登兰山寄张五 ; 夏日南亭怀辛大 ; 春泛若耶溪等。 |
| ● |
| 相关链接 |
|
|
|
|
正题名:唐诗宋词元曲
索取号:I222.742/841:1
 
预约/预借
| 序号 | 登录号 | 条形码 | 馆藏地/架位号 | 状态 | 备注 |
| 1 | 1396062 | 213960622 | 第一样本阅览室/ [索取号:I222.742/841:1] | 在馆 | |
| 2 | 1396063 | 213960631 | 第二借阅区/ [索取号:I222.742/841:1] | 在馆 |